000 00922nam a22002897i 4500
003 EG-GICUC
005 20260121101519.0
008 251217s1953 uk o|||fr|||| 0|1 0 eng d
040 _aEG-GiCUC
_beng
_cEG-GiCUC
_dEG-GiCUC
_eRda
041 _aeng
082 0 4 _221
_a341.84
_bBR . C
092 0 4 _221
099 _aLaw1 12 341.84 BR . C 1953
100 1 _aBresler, Fenton S.
_eAuthor.
245 1 0 _aConflict of Laws in a Nutshell /
_cby Fenton S. Bresler.
264 1 _aLondon :
_bSweet & Maxwell,
_c1953.
300 _axii, 66 page :
_bPortrait ;
_c24 cm.
336 _2rda contenu
_a texte
337 _2rda medias
_aOrdinateur
338 _2 transporteur rda
_a Ressource en ligne
546 _aText in English
650 1 4 _2Conflict of laws
_xPrivate international law
651 1 _2qrmak
856 4 0 _uhttps://fll.law.cu.edu.eg/fulltext/bks/B12-01636.pdf
905 _a75
_eHassnaa
942 _2ddc
_cBK
_e21
_n0
999 _c51309
_d51309